[Event "WCO2014"]
[Site "Tromso"]
[Date "2014.08.05"]
[Round "4.39"]
[WhiteID "9300244"]
[White "Omar Noaman"]
[BlackID "4403940"]
[Black "Rios Cristhian Camilo"]
[Result "1/2-1/2"]
[LiveChessVersion "1.4.3"]
[BlackElo "2427"]
[WhiteElo "2350"]

1. d4 {[%clk 1:30:56]} Nf6 {[%clk 1:30:25]} 2. c4 {[%clk 1:31:18]} e6
{[%clk 1:30:24]} 3. Nc3 {[%clk 1:31:36]} Bb4 {[%clk 1:30:26]} 4. Qc2
{[%clk 1:31:54]} d5 {[%clk 1:28:45]} 5. cxd5 {[%clk 1:31:56]} exd5
{[%clk 1:28:59]} 6. Bg5 {[%clk 1:31:50]} c5 {[%clk 1:24:19]} 7. dxc5
{[%clk 1:31:36]} h6 {[%clk 1:22:14]} 8. Bh4 {[%clk 1:31:58]} g5 {[%clk 1:22:40]}
9. Bg3 {[%clk 1:32:25]} Ne4 {[%clk 1:23:06]} 10. O-O-O {[%clk 1:32:31]} Bxc3
{[%clk 1:02:49]} 11. f3 {[%clk 1:32:42]} Bd2+ {[%clk 0:56:33]} 12. Rxd2
{[%clk 1:32:55]} Nxd2 {[%clk 0:56:58]} 13. Qxd2 {[%clk 1:33:14]} Nc6
{[%clk 0:57:18]} 14. Bd6 {[%clk 1:20:37]} Be6 {[%clk 0:56:02]} 15. e3
{[%clk 1:14:06]} Rc8 {[%clk 0:49:18]} 16. Bb5 {[%clk 1:10:01]} a6
{[%clk 0:49:26]} 17. Qc3 {[%clk 1:05:36]} Rg8 {[%clk 0:48:24]} 18. Bxc6+
{[%clk 1:00:33]} Rxc6 {[%clk 0:48:22]} 19. Ne2 {[%clk 1:00:08]} b6
{[%clk 0:39:38]} 20. Nd4 {[%clk 0:50:15]} Rc8 {[%clk 0:32:48]} 21. Kd2
{[%clk 0:47:26]} bxc5 {[%clk 0:27:20]} 22. Bxc5 {[%clk 0:47:31]} g4
{[%clk 0:24:26]} 23. f4 {[%clk 0:45:40]} Qh4 {[%clk 0:22:11]} 24. Re1
{[%clk 0:40:15]} Qxh2 {[%clk 0:13:39]} 25. Re2 {[%clk 0:37:13]} Qh5
{[%clk 0:13:59]} 26. b4 {[%clk 0:33:07]} Qg6 {[%clk 0:13:38]} 27. Qb3
{[%clk 0:31:24]} Qe4 {[%clk 0:12:03]} 28. g3 {[%clk 0:21:45]} h5 {[%clk 0:10:52]}
29. Rh2 {[%clk 0:22:01]} h4 {[%clk 0:11:10]} 30. Rxh4 {[%clk 0:21:24]} Qg2+
{[%clk 0:11:28]} 31. Kc1 {[%clk 0:20:47]} Qxg3 {[%clk 0:10:08]} 32. Rh6
{[%clk 0:18:01]} Qe1+ {[%clk 0:08:43]} 33. Kc2 {[%clk 0:10:06]} Qf2+
{[%clk 0:08:51]} 34. Kc1 {[%clk 0:08:57]} Qe1+ {[%clk 0:04:37]} 35. Kc2
{[%clk 0:08:53]} Qf2+ {[%clk 0:02:10]} 36. Kc1 {[%clk 0:07:56]} Qe1+
{[%clk 0:00:55]} 37. Kc2 {[%clk 0:04:42]} Qf2+ {[%clk 0:01:04]} 38. Kc1
{[%clk 0:03:50]} Qf1+ {[%clk 0:01:03]} 39. Kb2 {[%clk 0:03:14]} Qc4
{[%clk 0:00:36]} 40. Rxe6+ {[%clk 0:02:54]} fxe6 {[%clk 0:01:00]} 41. Qa4+
{[%clk 0:03:13]} Kf7 {[%clk 0:01:26]} 42. Qd7+ {[%clk 0:03:28]} Kg6
{[%clk 0:01:51]} 43. Qxe6+ {[%clk 0:03:18]} Kh5 {[%clk 0:01:36]} 44. Qf5+
{[%clk 0:18:31]} Kh4 {[%clk 0:26:47]} 45. Qh7+ {[%clk 0:18:06]} Kg3
{[%clk 0:27:11]} 46. Qh1 {[%clk 0:18:02]} Rxc5 {[%clk 0:19:46]} 47. Qg1+
{[%clk 0:17:51]} Kh3 {[%clk 0:20:10]} 48. Qh1+ {[%clk 0:18:05]} Kg3
{[%clk 0:20:35]} 1/2-1/2

[Event "WCO2014"]
[Site "Tromso"]
[Date "2014.08.05"]
[Round "4.38"]
[WhiteID "4400704"]
[White "Ruiz C Joshua D"]
[BlackID "9300465"]
[Black "Alhuwar Jasem"]
[Result "1-0"]
[LiveChessVersion "1.4.3"]
[BlackElo "2277"]
[WhiteElo "2382"]

1. e4 {[%clk 1:30:54]} g6 {[%clk 1:30:36]} 2. d4 {[%clk 1:31:18]} Bg7
{[%clk 1:30:58]} 3. Nc3 {[%clk 1:31:37]} d6 {[%clk 1:30:52]} 4. Nge2
{[%clk 1:31:47]} a6 {[%clk 1:25:58]} 5. a4 {[%clk 1:32:12]} b6 {[%clk 1:26:20]}
6. Be3 {[%clk 1:32:36]} c5 {[%clk 1:24:33]} 7. Qd2 {[%clk 1:31:45]} Nc6
{[%clk 1:24:14]} 8. f4 {[%clk 1:24:17]} Bb7 {[%clk 1:17:49]} 9. d5
{[%clk 1:17:01]} Na5 {[%clk 1:17:00]} 10. b3 {[%clk 1:08:09]} b5 {[%clk 1:05:21]}
11. axb5 {[%clk 0:57:06]} axb5 {[%clk 1:05:42]} 12. e5 {[%clk 0:54:19]} b4
{[%clk 0:49:42]} 13. Ne4 {[%clk 0:52:59]} Nh6 {[%clk 0:47:17]} 14. N2g3
{[%clk 0:51:06]} O-O {[%clk 0:38:54]} 15. Rd1 {[%clk 0:42:23]} Ng4
{[%clk 0:25:10]} 16. Bg1 {[%clk 0:37:51]} dxe5 {[%clk 0:24:34]} 17. f5
{[%clk 0:35:59]} Qc8 {[%clk 0:16:42]} 18. Bxc5 {[%clk 0:32:14]} gxf5
{[%clk 0:16:09]} 19. Qg5 {[%clk 0:31:48]} f6 {[%clk 0:09:31]} 20. Qxf5
{[%clk 0:30:39]} Nh6 {[%clk 0:08:47]} 21. Qxc8 {[%clk 0:27:38]} Rfxc8
{[%clk 0:09:08]} 22. Bxe7 {[%clk 0:25:20]} Rxc2 {[%clk 0:08:35]} 23. d6
{[%clk 0:22:51]} Kf7 {[%clk 0:08:05]} 24. Bd3 {[%clk 0:22:29]} Rxg2
{[%clk 0:05:32]} 25. Rf1 {[%clk 0:21:46]} Ng8 {[%clk 0:05:13]} 26. Ng5+
{[%clk 0:19:11]} Ke8 {[%clk 0:05:41]} 27. Ne6 {[%clk 0:18:06]} Nxe7
{[%clk 0:05:16]} 28. dxe7 {[%clk 0:16:00]} Kxe7 {[%clk 0:04:23]} 29. Nxg7
{[%clk 0:16:16]} Nxb3 {[%clk 0:04:02]} 30. N3f5+ {[%clk 0:13:38]} Kf8
{[%clk 0:03:41]} 31. Ne6+ {[%clk 0:13:25]} Kg8 {[%clk 0:02:03]} 32. Nc7
{[%clk 0:13:17]} Rc8 {[%clk 0:00:40]} 33. Bc4+ {[%clk 0:13:26]} 1-0

[Event "WCO2014"]
[Site "Tromso"]
[Date "2014.08.05"]
[Round "4.37"]
[WhiteID "9301526"]
[White "Khouri Ibrahim Mohamed"]
[BlackID "4403304"]
[Black "Sanchez Sebastian Felipe"]
[Result "1/2-1/2"]
[LiveChessVersion "1.4.3"]
[BlackElo "2391"]
[WhiteElo "2225"]

1. e4 {[%clk 1:30:57]} c5 {[%clk 1:30:54]} 2. Nf3 {[%clk 1:31:19]} e6
{[%clk 1:31:19]} 3. d4 {[%clk 1:31:44]} cxd4 {[%clk 1:31:45]} 4. Nxd4
{[%clk 1:32:08]} Nc6 {[%clk 1:32:05]} 5. Nc3 {[%clk 1:32:23]} Qc7
{[%clk 1:32:25]} 6. Be3 {[%clk 1:32:16]} a6 {[%clk 1:32:50]} 7. Qf3
{[%clk 1:32:09]} b5 {[%clk 1:23:52]} 8. a3 {[%clk 1:29:40]} Bb7 {[%clk 1:24:05]}
9. Qg3 {[%clk 1:19:57]} Qxg3 {[%clk 1:20:02]} 10. hxg3 {[%clk 1:20:21]} Nf6
{[%clk 1:15:38]} 11. Nxc6 {[%clk 1:19:50]} Bxc6 {[%clk 1:12:30]} 12. f3
{[%clk 1:17:47]} Bd6 {[%clk 0:48:39]} 13. g4 {[%clk 1:15:35]} Bg3+
{[%clk 0:49:01]} 14. Bf2 {[%clk 1:14:20]} Be5 {[%clk 0:49:22]} 15. O-O-O
{[%clk 1:08:10]} Rc8 {[%clk 0:37:48]} 16. Bd4 {[%clk 0:55:41]} d6
{[%clk 0:37:34]} 17. a4 {[%clk 0:50:48]} Bf4+ {[%clk 0:37:00]} 18. Kb1
{[%clk 0:51:01]} bxa4 {[%clk 0:37:20]} 19. Bxa6 {[%clk 0:50:08]} Ra8
{[%clk 0:14:37]} 20. Bb5 {[%clk 0:48:41]} Bxb5 {[%clk 0:13:15]} 21. Nxb5
{[%clk 0:48:37]} O-O {[%clk 0:05:31]} 22. Nxd6 {[%clk 0:28:59]} Nxg4
{[%clk 0:05:11]} 23. fxg4 {[%clk 0:14:38]} Bxd6 {[%clk 0:05:35]} 24. Bxg7
{[%clk 0:15:02]} Kxg7 {[%clk 0:04:34]} 25. Rxd6 {[%clk 0:15:26]} Rfc8
{[%clk 0:02:22]} 26. Rd4 {[%clk 0:09:13]} Rc7 {[%clk 0:01:21]} 27. Rh3
{[%clk 0:06:14]} Rac8 {[%clk 0:00:42]} 28. c3 {[%clk 0:05:54]} Rc4
{[%clk 0:01:08]} 29. Rhd3 {[%clk 0:05:46]} e5 {[%clk 0:01:25]} 30. Rxc4
{[%clk 0:05:45]} Rxc4 {[%clk 0:01:54]} 31. Re3 {[%clk 0:05:32]} Kg6
{[%clk 0:01:00]} 32. Kc2 {[%clk 0:05:55]} Kg5 {[%clk 0:01:02]} 33. Kd3
{[%clk 0:06:17]} Rc7 {[%clk 0:01:10]} 34. c4 {[%clk 0:06:23]} Rb7
{[%clk 0:01:05]} 35. Kc2 {[%clk 0:05:49]} Kf4 {[%clk 0:00:45]} 36. Ra3
{[%clk 0:05:47]} Kxe4 {[%clk 0:00:50]} 37. Kc3 {[%clk 0:05:04]} Rb3+
{[%clk 0:00:35]} 38. Rxb3 {[%clk 0:05:13]} axb3 {[%clk 0:01:04]} 39. Kxb3
{[%clk 0:05:22]} Kd4 {[%clk 0:01:01]} 40. c5 {[%clk 0:05:22]} Kxc5
{[%clk 0:01:22]} 41. Kc3 {[%clk 0:05:42]} h6 {[%clk 0:00:46]} 42. b4+
{[%clk 0:28:14]} Kb5 {[%clk 0:26:28]} 43. Kb3 {[%clk 0:17:05]} Kb6
{[%clk 0:19:41]} 44. Kc3 {[%clk 0:16:17]} Kc7 {[%clk 0:19:19]} 45. Kd3
{[%clk 0:16:15]} Kd6 {[%clk 0:19:27]} 46. Kc4 {[%clk 0:13:48]} Kc6
{[%clk 0:19:45]} 47. Kc3 {[%clk 0:12:37]} Kd5 {[%clk 0:19:55]} 48. Kd3
{[%clk 0:12:55]} f6 {[%clk 0:20:04]} 49. g3 {[%clk 0:11:18]} Kd6 {[%clk 0:18:50]}
50. Kc3 {[%clk 0:11:30]} Kc7 {[%clk 0:19:05]} 51. Kd3 {[%clk 0:10:54]} Kb6
{[%clk 0:19:06]} 52. Kc4 {[%clk 0:10:42]} Kc6 {[%clk 0:19:30]} 53. Kc3
{[%clk 0:10:52]} 1/2-1/2

[Event "WCO2014"]
[Site "Tromso"]
[Date "2014.08.05"]
[Round "4.13"]
[WhiteID "6400361"]
[White "Munoz Santana Jose Lisandro"]
[BlackID "10601457"]
[Black "Amin Bassem"]
[Result "0-1"]
[LiveChessVersion "1.4.3"]
[BlackElo "2627"]
[WhiteElo "2438"]

1. c4 {[%clk 1:30:57]} e5 {[%clk 1:29:04]} 2. g3 {[%clk 1:31:15]} d6
{[%clk 1:26:04]} 3. Bg2 {[%clk 1:31:10]} g6 {[%clk 1:23:55]} 4. Nc3
{[%clk 1:31:27]} Bg7 {[%clk 1:24:18]} 5. d3 {[%clk 1:31:34]} c6 {[%clk 1:23:56]}
6. e4 {[%clk 1:31:32]} f5 {[%clk 1:19:03]} 7. Nge2 {[%clk 1:31:21]} Nf6
{[%clk 1:19:20]} 8. O-O {[%clk 1:31:42]} O-O {[%clk 1:19:40]} 9. exf5
{[%clk 1:30:14]} gxf5 {[%clk 1:18:57]} 10. d4 {[%clk 1:25:05]} Na6
{[%clk 1:17:43]} 11. Bg5 {[%clk 1:23:14]} Qe8 {[%clk 1:13:25]} 12. d5
{[%clk 0:57:58]} c5 {[%clk 1:12:51]} 13. Nb5 {[%clk 0:57:22]} Qg6
{[%clk 1:12:48]} 14. f4 {[%clk 0:54:01]} Ne8 {[%clk 1:12:19]} 15. Qd2
{[%clk 0:51:23]} e4 {[%clk 1:12:24]} 16. a3 {[%clk 0:50:58]} Bd7 {[%clk 1:11:30]}
17. Nbc3 {[%clk 0:39:42]} h6 {[%clk 1:11:32]} 18. Bh4 {[%clk 0:40:03]} Nf6
{[%clk 1:06:23]} 19. Nd1 {[%clk 0:36:33]} Nc7 {[%clk 0:44:29]} 20. b4
{[%clk 0:31:06]} Nfxd5 {[%clk 0:32:14]} 21. Rc1 {[%clk 0:31:22]} Nb6
{[%clk 0:32:24]} 22. Be7 {[%clk 0:31:28]} Rfc8 {[%clk 0:25:07]} 23. bxc5
{[%clk 0:17:17]} dxc5 {[%clk 0:25:26]} 24. Bxc5 {[%clk 0:17:38]} Be6
{[%clk 0:19:13]} 25. Ne3 {[%clk 0:14:38]} Na6 {[%clk 0:15:49]} 26. Bxb6
{[%clk 0:14:11]} axb6 {[%clk 0:16:17]} 27. Nd5 {[%clk 0:14:33]} Bf8
{[%clk 0:16:24]} 28. Nd4 {[%clk 0:14:33]} Bxd5 {[%clk 0:12:33]} 29. cxd5
{[%clk 0:15:01]} Rd8 {[%clk 0:12:23]} 30. Nb5 {[%clk 0:13:07]} Nc5
{[%clk 0:12:31]} 31. Kh1 {[%clk 0:12:20]} Nb3 {[%clk 0:11:21]} 32. Qa2
{[%clk 0:07:45]} Nxc1 {[%clk 0:11:40]} 33. Rxc1 {[%clk 0:08:15]} Rac8
{[%clk 0:11:12]} 34. Rd1 {[%clk 0:08:17]} Qh5 {[%clk 0:09:59]} 35. d6+
{[%clk 0:04:21]} Kh8 {[%clk 0:09:54]} 36. Rg1 {[%clk 0:02:32]} Bxd6
{[%clk 0:06:48]} 37. Qb2+ {[%clk 0:01:56]} Kh7 {[%clk 0:03:57]} 38. Qf6
{[%clk 0:00:43]} Qg6 {[%clk 0:03:39]} 39. Qh4 {[%clk 0:00:42]} Bc5
{[%clk 0:03:37]} 40. Rc1 {[%clk 0:00:35]} Rd7 {[%clk 0:02:57]} 0-1

[Event "WCO2014"]
[Site "Tromso"]
[Date "2014.08.05"]
[Round "4.14"]
[WhiteID "627143"]
[White "Shoker Samy"]
[BlackID "6405525"]
[Black "Abreu Jean Carlos Paul"]
[Result "1-0"]
[LiveChessVersion "1.4.3"]
[BlackElo "2286"]
[WhiteElo "2487"]

1. g3 {[%clk 1:30:57]} c5 {[%clk 1:30:51]} 2. Bg2 {[%clk 1:31:23]} Nc6
{[%clk 1:31:12]} 3. Nf3 {[%clk 1:30:59]} g6 {[%clk 1:28:53]} 4. O-O
{[%clk 1:30:45]} Bg7 {[%clk 1:28:50]} 5. d3 {[%clk 1:30:53]} e5 {[%clk 1:23:48]}
6. c3 {[%clk 1:30:39]} Nge7 {[%clk 1:20:23]} 7. a3 {[%clk 1:30:49]} a5
{[%clk 1:17:58]} 8. a4 {[%clk 1:31:14]} O-O {[%clk 1:17:56]} 9. e4
{[%clk 1:30:55]} d5 {[%clk 1:17:13]} 10. exd5 {[%clk 1:29:15]} Nxd5
{[%clk 1:17:33]} 11. Na3 {[%clk 1:29:33]} h6 {[%clk 1:17:21]} 12. Re1
{[%clk 1:27:32]} Re8 {[%clk 1:17:20]} 13. Nc4 {[%clk 1:26:58]} Rb8
{[%clk 1:03:10]} 14. Qb3 {[%clk 1:19:25]} Be6 {[%clk 0:54:57]} 15. Qb5
{[%clk 1:17:29]} e4 {[%clk 0:37:29]} 16. Rxe4 {[%clk 1:02:53]} Nf6
{[%clk 0:35:42]} 17. Re1 {[%clk 1:00:41]} Qxd3 {[%clk 0:35:23]} 18. Nxa5
{[%clk 1:00:26]} Qxb5 {[%clk 0:29:56]} 19. axb5 {[%clk 0:59:37]} Nxa5
{[%clk 0:29:56]} 20. Rxa5 {[%clk 1:00:02]} b6 {[%clk 0:25:15]} 21. Ra7
{[%clk 0:58:52]} Bc4 {[%clk 0:23:48]} 22. Rxe8+ {[%clk 0:51:16]} Rxe8
{[%clk 0:24:07]} 23. Ra6 {[%clk 0:43:09]} Re6 {[%clk 0:23:28]} 24. Ra8+
{[%clk 0:40:03]} Kh7 {[%clk 0:23:22]} 25. Ra7 {[%clk 0:40:18]} Kg8
{[%clk 0:23:24]} 26. Be3 {[%clk 0:26:41]} Bxb5 {[%clk 0:21:09]} 27. b4
{[%clk 0:24:06]} Ng4 {[%clk 0:17:49]} 28. Bd2 {[%clk 0:21:40]} Rd6
{[%clk 0:17:01]} 29. bxc5 {[%clk 0:20:48]} bxc5 {[%clk 0:16:56]} 30. h3
{[%clk 0:18:39]} Ne5 {[%clk 0:16:59]} 31. Bf4 {[%clk 0:15:33]} Ra6
{[%clk 0:09:58]} 32. Rc7 {[%clk 0:13:14]} Nd3 {[%clk 0:09:45]} 33. Be3
{[%clk 0:13:04]} Bxc3 {[%clk 0:08:08]} 34. Bxh6 {[%clk 0:11:01]} Bg7
{[%clk 0:02:52]} 35. Rc8+ {[%clk 0:11:13]} Kh7 {[%clk 0:03:15]} 36. Be3
{[%clk 0:11:20]} Bf6 {[%clk 0:02:36]} 37. g4 {[%clk 0:03:09]} Ne5
{[%clk 0:01:38]} 38. Ng5+ {[%clk 0:02:41]} Kg7 {[%clk 0:01:18]} 39. Ne4
{[%clk 0:02:18]} Ra1+ {[%clk 0:00:42]} 40. Kh2 {[%clk 0:02:43]} Nc4
{[%clk 0:00:47]} 41. Nxf6 {[%clk 0:02:33]} Kxf6 {[%clk 0:29:27]} 42. Bxc5
{[%clk 0:28:21]} Ke6 {[%clk 0:28:27]} 43. Rb8 {[%clk 0:18:24]} Bd7
{[%clk 0:27:44]} 44. h4 {[%clk 0:17:10]} Ra5 {[%clk 0:25:11]} 45. Bd4
{[%clk 0:17:25]} Ne5 {[%clk 0:24:26]} 46. Rb6+ {[%clk 0:16:48]} Ke7
{[%clk 0:24:39]} 47. f3 {[%clk 0:16:45]} Nc6 {[%clk 0:23:16]} 48. Bc3
{[%clk 0:16:13]} Rc5 {[%clk 0:22:19]} 49. Bb2 {[%clk 0:16:37]} Rc2
{[%clk 0:21:54]} 50. Kg3 {[%clk 0:16:47]} Rd2 {[%clk 0:21:17]} 51. Ba3+
{[%clk 0:14:44]} Kd8 {[%clk 0:21:23]} 52. Bc1 {[%clk 0:15:08]} Rc2
{[%clk 0:21:18]} 53. Bg5+ {[%clk 0:15:01]} Kc7 {[%clk 0:21:37]} 54. Ra6
{[%clk 0:12:47]} Nd4 {[%clk 0:21:20]} 55. Ra7+ {[%clk 0:12:46]} Kc8
{[%clk 0:20:33]} 56. Bf1 {[%clk 0:08:18]} Ne2+ {[%clk 0:19:21]} 57. Kf2
{[%clk 0:07:36]} Bb5 {[%clk 0:13:30]} 58. Ke3 {[%clk 0:07:22]} f5
{[%clk 0:11:01]} 59. gxf5 {[%clk 0:06:46]} gxf5 {[%clk 0:11:22]} 60. Ra8+
{[%clk 0:05:51]} Kc7 {[%clk 0:11:21]} 61. Ra5 {[%clk 0:05:09]} f4+
{[%clk 0:10:10]} 62. Bxf4+ {[%clk 0:05:17]} Nxf4 {[%clk 0:10:30]} 63. Rxb5
{[%clk 0:05:32]} Ng2+ {[%clk 0:10:45]} 64. Bxg2 {[%clk 0:04:40]} Rxg2
{[%clk 0:11:06]} 65. Kf4 {[%clk 0:03:16]} Kd6 {[%clk 0:10:57]} 66. Re5
{[%clk 0:03:05]} Rh2 {[%clk 0:10:30]} 67. Kg3 {[%clk 0:03:12]} Rh1
{[%clk 0:09:34]} 68. Re2 {[%clk 0:03:31]} Rg1+ {[%clk 0:09:16]} 69. Kf4
{[%clk 0:03:30]} Rh1 {[%clk 0:09:02]} 70. Kg4 {[%clk 0:03:53]} Rg1+
{[%clk 0:09:20]} 71. Kf5 {[%clk 0:04:14]} Rh1 {[%clk 0:09:32]} 72. Re6+
{[%clk 0:03:38]} Kd7 {[%clk 0:09:17]} 73. Re4 {[%clk 0:04:05]} Rf1
{[%clk 0:08:45]} 74. f4 {[%clk 0:04:13]} Rh1 {[%clk 0:08:33]} 75. Kg5
{[%clk 0:04:37]} Rg1+ {[%clk 0:08:52]} 76. Kf6 {[%clk 0:04:37]} Rh1
{[%clk 0:08:12]} 77. f5 {[%clk 0:05:03]} Rh2 {[%clk 0:08:00]} 78. Kg6
{[%clk 0:05:23]} Rg2+ {[%clk 0:06:46]} 79. Kf7 {[%clk 0:05:48]} Kd6
{[%clk 0:06:35]} 80. f6 {[%clk 0:06:14]} Rf2 {[%clk 0:06:12]} 81. Kg7
{[%clk 0:06:16]} Rg2+ {[%clk 0:06:33]} 82. Kf8 {[%clk 0:06:38]} Rf2
{[%clk 0:06:53]} 83. f7 {[%clk 0:06:59]} Rf1 {[%clk 0:06:30]} 84. Ke8
{[%clk 0:07:14]} 1-0

[Event "WCO2014"]
[Site "Tromso"]
[Date "2014.08.05"]
[Round "4.15"]
[WhiteID "6401317"]
[White "Michelen Rodriguez Victor Isaac"]
[BlackID "10600906"]
[Black "Ezat Mohamed"]
[Result "1/2-1/2"]
[LiveChessVersion "1.4.3"]
[BlackElo "2466"]
[WhiteElo "2239"]

1. c4 {[%clk 1:30:57]} Nf6 {[%clk 1:30:12]} 2. Nc3 {[%clk 1:31:16]} g6
{[%clk 1:29:40]} 3. g3 {[%clk 1:31:41]} Bg7 {[%clk 1:30:04]} 4. Bg2
{[%clk 1:32:07]} O-O {[%clk 1:30:17]} 5. e4 {[%clk 1:32:34]} d6 {[%clk 1:30:40]}
6. Nge2 {[%clk 1:32:58]} c5 {[%clk 1:31:01]} 7. O-O {[%clk 1:33:16]} Nc6
{[%clk 1:31:28]} 8. h3 {[%clk 1:32:12]} a6 {[%clk 1:31:44]} 9. a3
{[%clk 1:31:21]} Rb8 {[%clk 1:31:17]} 10. Rb1 {[%clk 1:31:41]} b5
{[%clk 1:31:33]} 11. cxb5 {[%clk 1:32:05]} axb5 {[%clk 1:32:02]} 12. b4
{[%clk 1:32:28]} Ba6 {[%clk 1:24:10]} 13. d3 {[%clk 1:30:02]} e5 {[%clk 1:24:34]}
14. Be3 {[%clk 1:23:41]} Nd4 {[%clk 1:22:44]} 15. f4 {[%clk 1:19:35]} exf4
{[%clk 1:22:26]} 16. Nxf4 {[%clk 1:07:35]} Rc8 {[%clk 0:51:01]} 17. a4
{[%clk 0:55:28]} bxa4 {[%clk 0:23:52]} 18. Qxa4 {[%clk 0:38:45]} Ra8
{[%clk 0:19:56]} 19. Qd1 {[%clk 0:32:22]} Nd7 {[%clk 0:15:54]} 20. Nce2
{[%clk 0:18:05]} Rb8 {[%clk 0:07:12]} 21. Nxd4 {[%clk 0:15:51]} cxd4
{[%clk 0:07:20]} 22. Bf2 {[%clk 0:15:43]} h5 {[%clk 0:06:17]} 23. Qd2
{[%clk 0:15:12]} Bb5 {[%clk 0:06:16]} 24. Rfd1 {[%clk 0:14:45]} Rc8
{[%clk 0:05:52]} 25. Qa2 {[%clk 0:14:52]} Kh7 {[%clk 0:03:42]} 26. Qa5
{[%clk 0:14:31]} Rb8 {[%clk 0:01:09]} 27. Qxd8 {[%clk 0:12:41]} Rfxd8
{[%clk 0:01:30]} 28. Ne2 {[%clk 0:12:49]} Ne5 {[%clk 0:01:27]} 29. Nxd4
{[%clk 0:10:26]} Bxd3 {[%clk 0:01:03]} 30. Rxd3 {[%clk 0:05:22]} Nxd3
{[%clk 0:01:29]} 31. Nc6 {[%clk 0:05:47]} Nxf2 {[%clk 0:01:23]} 1/2-1/2

[Event "WCO2014"]
[Site "Tromso"]
[Date "2014.08.05"]
[Round "4.16"]
[WhiteID "10601619"]
[White "Adly Ahmed"]
[BlackID "6401783"]
[Black "Polanco Nunez Yoel Estarling"]
[Result "1-0"]
[LiveChessVersion "1.4.3"]
[BlackElo "2157"]
[WhiteElo "2589"]

1. Nf3 {[%clk 1:30:37]} Nf6 {[%clk 1:30:46]} 2. g3 {[%clk 1:30:52]} b6
{[%clk 1:30:26]} 3. Bg2 {[%clk 1:31:16]} Bb7 {[%clk 1:30:54]} 4. O-O
{[%clk 1:30:46]} c5 {[%clk 1:30:50]} 5. c4 {[%clk 1:30:51]} d6 {[%clk 1:29:51]}
6. d4 {[%clk 1:31:05]} cxd4 {[%clk 1:30:16]} 7. Qxd4 {[%clk 1:31:31]} g6
{[%clk 1:30:27]} 8. Nc3 {[%clk 1:31:35]} Bg7 {[%clk 1:30:50]} 9. Rd1
{[%clk 1:31:48]} O-O {[%clk 1:29:48]} 10. Qh4 {[%clk 1:32:13]} Nbd7
{[%clk 1:28:19]} 11. Bh6 {[%clk 1:32:37]} Rc8 {[%clk 1:25:33]} 12. b3
{[%clk 1:29:05]} a6 {[%clk 1:24:37]} 13. Rac1 {[%clk 1:28:26]} Rc5
{[%clk 1:20:21]} 14. Nd5 {[%clk 1:28:41]} b5 {[%clk 1:01:43]} 15. Nd4
{[%clk 1:25:43]} Bxd5 {[%clk 0:59:46]} 16. cxd5 {[%clk 1:25:51]} Bxh6
{[%clk 0:55:06]} 17. Rxc5 {[%clk 1:24:42]} Nxc5 {[%clk 0:51:02]} 18. Nc6
{[%clk 1:24:59]} Qb6 {[%clk 0:48:46]} 19. Qxh6 {[%clk 1:25:19]} Re8
{[%clk 0:45:32]} 20. Bf3 {[%clk 1:24:31]} Ncd7 {[%clk 0:33:01]} 21. Qf4
{[%clk 1:22:59]} Qc7 {[%clk 0:20:19]} 22. Rc1 {[%clk 1:23:09]} Nb6
{[%clk 0:20:31]} 23. Qd4 {[%clk 1:22:54]} e5 {[%clk 0:12:40]} 24. dxe6
{[%clk 1:22:53]} Rxe6 {[%clk 0:12:51]} 25. Rc3 {[%clk 1:22:09]} d5
{[%clk 0:12:06]} 26. Nb4 {[%clk 1:21:57]} Qb7 {[%clk 0:10:56]} 27. e3
{[%clk 1:20:54]} a5 {[%clk 0:05:26]} 28. Nd3 {[%clk 1:21:11]} Qe7
{[%clk 0:03:02]} 29. Nf4 {[%clk 1:19:59]} Rd6 {[%clk 0:03:31]} 30. Rc5
{[%clk 1:20:23]} Qd7 {[%clk 0:03:09]} 31. Be2 {[%clk 1:20:51]} g5
{[%clk 0:01:13]} 32. Bxb5 {[%clk 1:21:01]} Qf5 {[%clk 0:01:37]} 33. Bd3
{[%clk 1:21:13]} Qg4 {[%clk 0:01:08]} 34. Be2 {[%clk 1:19:09]} Qf5
{[%clk 0:01:22]} 35. Nh5 {[%clk 1:19:36]} Nxh5 36. Bxh5 Rf6 {[%clk 0:00:51]} 37.
e4 {[%clk 1:19:53]} Qe6 {[%clk 0:00:40]} 38. Bg4 {[%clk 1:19:34]} Qe7
{[%clk 0:00:49]} 39. e5 {[%clk 1:19:30]} Rh6 {[%clk 0:00:41]} 40. Rb5
{[%clk 1:19:43]} Qc7 {[%clk 0:00:38]} 41. e6 {[%clk 1:20:03]} Nc8
{[%clk 0:30:59]} 42. Rc5 {[%clk 1:49:44]} 1-0

[Event "WCO2014"]
[Site "Tromso"]
[Date "2014.08.05"]
[Round "4.36"]
[WhiteID "1610856"]
[White "Ragger Markus"]
[BlackID "806404"]
[Black "Efimov Igor"]
[Result "1-0"]
[LiveChessVersion "1.4.3"]
[BlackElo "2408"]
[WhiteElo "2644"]

1. d4 {[%clk 1:30:58]} Nf6 {[%clk 1:30:41]} 2. c4 {[%clk 1:31:25]} c5
{[%clk 1:30:59]} 3. d5 {[%clk 1:31:52]} e5 {[%clk 1:31:15]} 4. Nc3
{[%clk 1:32:11]} d6 {[%clk 1:31:34]} 5. e4 {[%clk 1:32:39]} Be7 {[%clk 1:31:53]}
6. g3 {[%clk 1:32:47]} O-O {[%clk 1:27:46]} 7. Bg2 {[%clk 1:31:27]} Ne8
{[%clk 1:27:32]} 8. Nge2 {[%clk 1:31:27]} g6 {[%clk 1:22:56]} 9. Bh6
{[%clk 1:28:16]} Ng7 {[%clk 1:23:24]} 10. Qd2 {[%clk 1:28:23]} Nd7
{[%clk 1:23:02]} 11. O-O {[%clk 1:17:37]} Nf6 {[%clk 1:18:59]} 12. h3
{[%clk 1:14:34]} Kh8 {[%clk 1:19:08]} 13. Rae1 {[%clk 1:05:08]} a6
{[%clk 1:18:49]} 14. b3 {[%clk 0:58:02]} Rb8 {[%clk 1:18:19]} 15. a4
{[%clk 0:55:41]} Bd7 {[%clk 1:18:23]} 16. Be3 {[%clk 0:46:34]} Qc8
{[%clk 1:00:47]} 17. Kh2 {[%clk 0:45:54]} Nfe8 {[%clk 1:00:33]} 18. f4
{[%clk 0:45:43]} f5 {[%clk 1:00:46]} 19. Nc1 {[%clk 0:44:05]} Nf6
{[%clk 0:44:29]} 20. fxe5 {[%clk 0:39:20]} dxe5 {[%clk 0:44:45]} 21. d6
{[%clk 0:39:42]} Bd8 {[%clk 0:45:05]} 22. Nd3 {[%clk 0:39:59]} Ba5
{[%clk 0:43:31]} 23. Nxe5 {[%clk 0:33:27]} fxe4 {[%clk 0:30:45]} 24. Bg5
{[%clk 0:30:45]} Bf5 {[%clk 0:30:50]} 25. Bxf6 {[%clk 0:18:12]} Rxf6
{[%clk 0:31:06]} 26. Bxe4 {[%clk 0:18:12]} Qf8 {[%clk 0:18:25]} 27. Bg2
{[%clk 0:17:28]} Rd8 {[%clk 0:18:29]} 28. d7 {[%clk 0:17:07]} Bxd7
{[%clk 0:14:15]} 29. Nxd7 {[%clk 0:12:52]} Rxf1 {[%clk 0:14:38]} 30. Rxf1
{[%clk 0:13:21]} Qe8 {[%clk 0:14:49]} 31. Bxb7 {[%clk 0:10:20]} Nf5
{[%clk 0:14:40]} 32. Bc6 {[%clk 0:09:10]} Qe5 {[%clk 0:15:03]} 33. Rf3
{[%clk 0:08:25]} Ne7 {[%clk 0:13:50]} 34. Qh6 {[%clk 0:05:38]} Qg7
{[%clk 0:13:55]} 35. Qxg7+ {[%clk 0:05:57]} Kxg7 {[%clk 0:14:23]} 36. Ne5
{[%clk 0:06:16]} Bxc3 {[%clk 0:14:38]} 37. Rxc3 {[%clk 0:06:24]} 1-0